[Event "Ruhrgebiet Verbandsklasse Gruppe 2 1718"]
[Site "Germany"]
[Date "2018.03.18"]
[Round "8.6"]
[White "Hirmer, Raimund"]
[Black "Tenschert, Hartmut"]
[Result "0-1"]
[WhiteElo "1789"]
[BlackElo "1747"]
[PlyCount "78"]
[EventDate "2017.09.17"]
[EventType "team-tourn"]
[EventRounds "9"]
[EventCountry "GER"]
[SourceTitle "EXT 2022"]
[Source "ChessBase"]
[SourceDate "2021.10.06"]
[SourceVersion "1"]
[SourceVersionDate "2021.10.06"]
[SourceQuality "1"]
[WhiteTeam "Bochum SV II"]
[BlackTeam "Sodingen/Castrop SK III"]
[WhiteTeamCountry "GER"]
[BlackTeamCountry "GER"]

1. d4 Nf6 2. Bf4 d5 3. e3 e6 4. Nd2 Bd6 5. Bg3 0-0 6. Ngf3 b6 7. Bd3 Ba6 8. Bxa6 Nxa6 9. c3 c5 10. Qe2 Nc7 11. Ne5 Bxe5 12. Bxe5 Rc8 13. 0-0 Nce8 14. a4 Nd7 15. Bg3 f5 16. Qa6 g5 17. f3 h5 18. a5 h4 19. Bf2 Nc7 20. Qe2 Rf7 21. axb6 axb6 22. dxc5 bxc5 23. e4 Rb8 24. Rfb1 c4 25. b3 Nb5 26. Rc1 Qf6 27. bxc4 Nxc3 28. Qd3 d4 29. Bxd4 Qxd4+ 30. Qxd4 Ne2+ 31. Kf2 Nxd4 32. exf5 exf5 33. c5 Ne5 34. Rc3 Rb2 35. Ra8+ Kg7 36. Ke1 Re7 37. Kd1 Nec6 38. Kc1 Rbb7 39. Rd3 Re1# 0-1

[Event "Ruhrgebiet Verbandsklasse Gruppe 3 1516"]
[Site "Germany"]
[Date "2016.02.21"]
[Round "7.8"]
[White "Ropel, Dennis"]
[Black "Hirmer, Raimund"]
[Result "0-1"]
[WhiteElo "1479"]
[BlackElo "1774"]
[PlyCount "124"]
[EventDate "2015.09.06"]
[EventType "team-tourn"]
[EventRounds "9"]
[EventCountry "GER"]
[SourceTitle "EXT 2022"]
[Source "ChessBase"]
[SourceDate "2021.10.06"]
[SourceVersion "1"]
[SourceVersionDate "2021.10.06"]
[SourceQuality "1"]
[WhiteTeam "Mengede SG"]
[BlackTeam "Bochum SV II"]
[WhiteTeamCountry "GER"]
[BlackTeamCountry "GER"]

1. c4 f5 2. g3 Nf6 3. Bg2 g6 4. d4 Bg7 5. Nc3 0-0 6. Nf3 d6 7. 0-0 c6 8. Re1 Na6 9. Bg5 h6 10. Bxf6 exf6 11. e4 fxe4 12. Nxe4 f5 13. Nc3 Qf6 14. Qc2 Rf7 15. Rab1 Bd7 16. d5 c5 17. Qd2 Nc7 18. a4 a6 19. a5 Rb8 20. Bf1 g5 21. Qc2 b5 22. axb6 Rxb6 23. Na4 Bxa4 24. Qxa4 Rxb2 25. Qa1 Rb4 26. Rxb4 Qxa1 27. Rb8+ Rf8 28. Rxf8+ Kxf8 29. Rxa1 Bxa1 30. Nd2 a5 31. Bd3 a4 32. Bxf5 a3 33. Nb3 Bb2 34. f4 a2 35. fxg5 hxg5 36. Kf2 a1Q 37. Nxa1 Bxa1 38. h4 gxh4 39. gxh4 Kg7 40. Kf3 Kh6 41. Bg4 Bf6 42. Kf4 Bxh4 43. Bd1 Kg6 44. Bc2+ Kf6 45. Ba4 Na6 46. Bc2 Nb4 47. Bb1 Be1 48. Bh7 Bd2+ 49. Ke4 Bc1 50. Bf5 Nc2 51. Bh3 Nd4 52. Bc8 Ke7 53. Bg4 Kd8 54. Kd3 Kc7 55. Bh3 Kb6 56. Kc3 Ka5 57. Bd7 Be3 58. Be8 Bf2 59. Bd7 Be1+ 60. Kd3 Kb4 61. Bc8 Bg3 62. Bd7 Nf3 0-1

[Event "Ruhrgebiet Verbandsklasse Gruppe 3 1516"]
[Site "Germany"]
[Date "2015.09.27"]
[Round "2"]
[White "Lange, Hans Werner"]
[Black "Hirmer, Raimund"]
[Result "1/2-1/2"]
[WhiteElo "1622"]
[BlackElo "1774"]
[PlyCount "86"]
[EventDate "2015.09.06"]
[EventType "team-tourn"]
[EventRounds "9"]
[EventCountry "GER"]
[SourceTitle "EXT 2022"]
[Source "ChessBase"]
[SourceDate "2021.10.06"]
[SourceVersion "1"]
[SourceVersionDate "2021.10.06"]
[SourceQuality "1"]
[WhiteTeam "Recklinghausen Sued"]
[BlackTeam "Bochum SV II"]
[WhiteTeamCountry "GER"]
[BlackTeamCountry "GER"]

1. Nf3 f5 2. d4 Nf6 3. h3 g6 4. Bf4 Bg7 5. e3 0-0 6. Be2 d6 7. 0-0 c6 8. Nbd2 Kh8 9. Rb1 Qe8 10. c4 Nbd7 11. a4 e5 12. Bg3 e4 13. Bxd6 exf3 14. Bxf8 Qxf8 15. Bxf3 Qb4 16. d5 cxd5 17. cxd5 Ne5 18. b3 Qd6 19. Nc4 Nxf3+ 20. Qxf3 Qxd5 21. Qf4 Bd7 22. Rbd1 Qe4 23. Qd6 Bc6 24. f3 Qe8 25. Rd3 Qd7 26. Rfd1 Qxd6 27. Rxd6 Ng8 28. Rd8 Rxd8 29. Rxd8 Bf6 30. Rc8 Kg7 31. Na5 Ne7 32. Rc7 Bd5 33. Nxb7 Bxb3 34. Nc5 Bd5 35. Rxa7 Kh6 36. Kf2 f4 37. Ke2 fxe3 38. Kxe3 Nc6 39. Rd7 Bd4+ 40. Kd2 Bc4 41. Rxd4 Nxd4 42. Ke3 Bf1 43. Kxd4 Bxg2 1/2-1/2